5 Most Popular Countries by Continent - Statistics

General Stats
  • This quiz has been taken 69 times
  • The average score is 16 of 20
Answer Stats
Continent Percentage of Continent Answer % Correct
Americas 58 United States
97%
Americas 65 Canada
95%
Africa 65 Egypt
91%
Europe 31 France
91%
Europe 42 Germany
91%
Americas 33 Mexico
91%
Africa 42 South Africa
91%
Europe 44 United Kingdom
88%
Asia/Oceania 44 Australia
85%
Europe 46 Italy
85%
Americas 44 Brazil
83%
Asia/Oceania 71 Japan
80%
Americas 33 Argentina
78%
Africa 48 Morocco
78%
Asia/Oceania 29 New Zealand
74%
Asia/Oceania 46 South Korea
68%
Africa 25 Kenya
60%
Africa 21 Tunisia
54%
Europe 31 Switzerland
52%
Asia/Oceania 27 Thailand
52%
No matching quizzes found
Score Distribution
Percent of People with Each Score
Percentile by Number Answered
Your Score History
You have not taken this quiz